000 01043cam a2200349 a 4500
001 121862
005 20230410115739.0
008 980116s1997 mx 000 0 spa d
010 _a99527177
020 _a9682320763
035 _a(OCoLC)ocm38257457
040 _aPL#
_cPL#
_dIXA
_dDLC
041 _aspa
042 _alccopycat
043 _an-mx---
050 1 4 _aHG665
_b.SO687 1994
082 0 0 _a332.10972
100 1 _aSolís M., Leopoldo.
245 1 0 _aEvolución del sistema financiero mexicano hacia los umbrales del siglo XXI /
_cLeopoldo Solís.
260 _aMâexico, D.F. :
_bSiglo Veintiuno Editores,
_c1997.
300 _a301 p. ;
_c21 cm.
490 1 _aEconomía y demografía
650 0 _aMonetary policy
_zMexico.
650 0 _aFinancial institutions
_zMexico.
650 4 _aCRV
650 4 _aColección René Villarreal.
651 0 _aMexico
_xEconomic conditions.
830 0 _aEconomâia y demografâia (Mexico City, Mexico)
923 _d19990806
_n14266
_sMACH
942 _2lcc
_cbk
946 _almd
999 _c47192
_d47192